The analysis and design of linear circuits

Thomas and Rosa offer a learn-by-doing approach to linear circuits. They discuss the major elements of circuit design (including Laplace transforms, new passive and active elements, pole-zero diagrams, Bode diagrams, Fourier series, and time-varying circuits), and provide skill-building exercises. F...

Descrizione completa

Salvato in:
Dettagli Bibliografici
Autore principale: Thomas, Roland E.
Natura: Libro
Lingua:Undetermined
Pubblicazione: New York Wiley 2006
Soggetti:
Tags: Aggiungi Tag
Nessun Tag, puoi essere il primo ad aggiungerne! !
Thư viện lưu trữ: Trung tâm Học liệu Trường Đại học Cần Thơ
LEADER 01247nam a2200217Ia 4500
001 CTU_134041
008 210402s9999 xx 000 0 und d
020 |c 1999000 
082 |a 621.3192 
082 |b T454 
100 |a Thomas, Roland E. 
245 4 |a The analysis and design of linear circuits 
245 0 |c Roland E. Thomas, Albert J. Rosa 
260 |a New York 
260 |b Wiley 
260 |c 2006 
520 |a Thomas and Rosa offer a learn-by-doing approach to linear circuits. They discuss the major elements of circuit design (including Laplace transforms, new passive and active elements, pole-zero diagrams, Bode diagrams, Fourier series, and time-varying circuits), and provide skill-building exercises. Furthermore, they show how to evaluate and select the best design from several correct approaches. This new edition covers five of today's most widely used programs: Excel, MATLAB, Mathcard, Electronics Workbench, and PSpice. 
650 |a Electric circuits, Linear,Electric circuit analysis,Mạch điện, tuyến tính,Phân tích mạch điện 
650 |x Design and construction,Thiết kế và xây dựng 
904 |i Trọng Hải 
980 |a Trung tâm Học liệu Trường Đại học Cần Thơ